Guess the Philosopher by Picture and Hint - Statistics

General Stats
  • This quiz has been taken 80 times
    2 since last reset
  • The average score is 40 of 60
Answer Stats
Picture Hint Answer % Correct
Myth of Sisyphus Albert Camus
100%
Ethica Nicomachea Aristotle
100%
Will and Representation Arthur Schopenhauer
100%
the City of God Augustine
100%
Ethics Baruch Spinoza
100%
Is-ought fallacy David Hume
100%
"God is dead, and we have killed him" Friedrich Nietzsche
100%
Absolute Idealism Georg W.F. Hegel
100%
On Totalitarianism Hannah Arendt
100%
Categorical Imperative Immanuel Kant
100%
Le contrat social Jean-Jacques Rousseau
100%
"L'enfer, c'est les autres" Jean-Paul Sartre
100%
Tabula Rasa John Locke
100%
Communist Manifesto Karl Marx
100%
Meditations Marcus Aurelius
100%
Being and Time Martin Heidegger
100%
The Republic Plato
100%
a² + b² = c² Pythagoras
100%
"Cogito, ergo sum" René Descartes
100%
Le Deuxieme Sexe Simone De Beauvoir
100%
"The only thing I know, is that I know nothing." Socrates
100%
Fear and Trembling Søren Kierkegaard
100%
Leviathan Thomas Hobbes
100%
Invisible Hand Adam Smith
50%
Incoherence of the Incoherence Averroës
50%
The Book of Healing Avicenna
50%
objectivism Ayn Rand
50%
Principa Mathematica Bertrand Russell
50%
Pensées Blaise Pascal
50%
"Know yourself, honor others" Confucius
50%
cynicism Diogenes of Sinope
50%
phenomenology Edmund Husserl
50%
hedonism Epicurus
50%
scientific method Francis Bacon
50%
Candide François Marie "Voltaire" Arouet
50%
esse est percipi George Berkeley
50%
Monadology Gottfried W. von Leibniz
50%
predicate logic Gottlob Frege
50%
"You cannot step in the same river twice" Heraclitus
50%
deconstruction Jacques Derrida
50%
Utilitarianism John Stuart Mill
50%
Gender Trouble Judith Butler
50%
falsification theory Karl Popper
50%
Tao Te Ching Lao Tzu
50%
Tractatus Logico-Philosophicus Ludwig Wittgenstein
50%
De Re Publica Marcus Tillius Cicero
50%
feminism Mary Wollstonecraft
50%
panopticism Michel Foucault
50%
the Prince Niccolo Machiavelli
50%
being is like a sphere Parmenides
50%
neoplatonism Plotinus
50%
Sublime Object of Ideology Slavoj Zizek
50%
Culture Industry Theodor Adorno
50%
Summa Theologiae Thomas Aquinas
50%
Angelus Novus Walter Benjamin
50%
razor of (...) William of Ockham
50%
Totality and Infinity Emmanuel Levinas
0%
postcolonialism Frantz Fanon
0%
Anti-Oedipus Gilles Deleuze
0%
psychoanalysis Jacques Lacan
0%
No matching quizzes found
Score Distribution
Percent of People with Each Score
Percentile by Number Answered
Your Score History
You have not taken this quiz since the last reset